Holstein Kiel Bundesliga History - Statistiken

Allgemein
  • Dieses Quiz wurde 10 mal gespielt
  • Das Durchschnittsergebnis liegt bei 11 aus 25
Antwortstatistiken
Spieler % Korrekt
Lewis Holtby
89%
Jan-Fiete Arp
78%
Phil Harres
78%
Timon Weiner
78%
Shuto Machino
67%
Alexander Bernhardsson
56%
David Zec
56%
Marco Komenda
56%
Benedikt Pichler
44%
Finn Porath
44%
John Tolkin
44%
Nicolai Remberg
44%
Thomas Dähne
44%
Timo Becker
44%
Carl Johansson
33%
Lasse Rosenboom
33%
Marko Ivezic
33%
Steven Skrzybski
33%
Andu Kelati
22%
Armin Gigovic
22%
Magnus Knudsen
22%
Patrick Erras
22%
Tymoteusz Puchacz
11%
Marvin Schulz
0%
Max Geschwill
0%
Keine übereinstimmenden Quizze gefunden
Verteilung der Resultate
Anzahl Personen mit jedem Resultat
Perzentil nach korrekt beantworteten Fragen
Ihre Resultats-Entwicklung
Sie haben dieses Quiz noch nicht gespielt